000 00513nam a2200169 i 4500
001 190112
003 ES-MaACL
005 20250725093850.0
008 200729s1868 sp |||| | spa d
080 _a94(460)"1868"
245 0 0 _aEspaña en 1868 :
_bcuestión política /
_cpor D. B.C.R.
260 _aMadrid :
_b[s.n.],
_c1868 (
_fEduardo Cuesta)
300 _a116 p. ;
_c23 cm.
651 7 _aEspaña-
_xPolítica y gobierno-
_y1843-1868
_2
_9168642
852 4 _aES-MaACL
_jT-91-F-7
999 _c190112
_d190112